01469nab a22002657a 4500999001500000003000400015005001700019008004100036040000700077100003500084245017000119260007300289300001500362500003500377505029500412505011300707505008100820650002300901650003200924650002500956650002900981650002001010773016001030942001301190 c6413d6413OSt20260202120819.0190429b xxu||||| |||| 00| 0 spa d cPJ 94083aChavarría, Magalí A.10aViolencia institucional contra las mujeres. Abuso de autoridad por parte de agentes policiales del Estado en casos de violencia de género /cMagalí A. Chavarria. cCiudad Autónoma de Buenos Aires :aThomson Reuters La Ley, b2023. ap. 121-130 aCita Online: AR/DOC/1823/2023. aSumario: I. Introducción.— II. Violencia institucional. Debida diligencia por parte del Estado.— III. Análisis del tipo penal de abuso de autoridad.— IV. Postura de la Cámara en lo Criminal y Correccional de 10°. Nominación de la provincia de Córdoba.— V. Conclusiones.  aFallo comentado: CCrim. Corr. 10a Nom., Córdoba ~ 19/12/2022 ~ C., R. C. D. s/ P.S.A. abuso de autoridad. tSi te interesa el texto completo, solicitalo a koha@justierradelfuego.gov.ar 09343aDERECHO PENAL 093053aVIOLENCIA DE GÉNERO 0aDISCRIMINACION91576 0aABUSO DE AUTORIDAD92859 0aPOLICÍA940270 0265893164tRevista de derecho penal y criminología. Nº 8 - Septiembre 2023dCiudad Autónoma de Buenos Aires : Thomson Reuters La Ley, 2017-x00347914 2udccANA